000 00609nam a2200169 i 4500
001 158664
003 ES-MaACL
005 20230906211248.0
008 040902s1856 cu |||| | spa d
040 _aCAM
_bspa
_cCAM
100 1 _aMaquet, Auguste.
_976282
245 1 3 _aLa casa del baƱero
_b: continuacion de la "Bella Gabriela" /
_cpor Augusto Maquet.
260 _aHabana :
_b[s.n.],
_c1856 (
_fImprenta del Diario de la Marina)
300 _a4 v. (164; 199; 197; 183 p.) ;
_c14 cm.
594 _aTit. tomado de las port. de los t.II-IV.
852 _aES-MaACL
_jD-3937
_z-- Enc. hol.
_z-- 4 t. en 1 v.
999 _c158664
_d158664